Mezinárodní vztahy úvod do studia materiálních pramenů MP

Gespeichert in:
Bibliographische Detailangaben
1. Verfasser: Hýbnerová, Stanislava
Weitere Verfasser: Busch, Egon
Format: Buch
Sprache:Tschechisch
Veröffentlicht: Praha Univerzita Karlova 1981
Tags: Tag hinzufügen
Keine Tags, Fügen Sie das erste Tag hinzu!

MARC

LEADER 00000nam a2200000 4500
001 c130484
005 20041019155249.5
041 0 |a cze 
044 |a CZ 
245 1 0 |a Mezinárodní vztahy  |b úvod do studia materiálních pramenů MP  |c Stanislava Hýbnerová, Egon Busch 
264 1 |a Praha  |b Univerzita Karlova  |c 1981 
300 |a 144 s. 
100 1 |a Hýbnerová, Stanislava 
700 1 |a Busch, Egon